000 00596nam a2200193 i 4500
001 41894
003 ES-MaACL
005 20250801063023.0
007 t|
008 030312s1967 sp ||||1| spa d
100 1 _aCasas, Bartolomé de las,
_d1474-1566
_9140251
245 1 3 _aEl Evangelio y la violencia /
_cBartolomé de las Casas ; [traducción del francés, Ana Fraga].
250 _a[1ª ed.].
260 _aMadrid :
_bZYX,
_c[1967]
300 _a197 p. ;
_c20 cm.
700 1 _aFraga Iribarne, Ana.
_952076
852 _aES-MaACL
_jC-33792
_bR.67677
999 _c41894
_d41894